LEADER 01178nam a2200325 i 4500 001 991003221069707536 005 20021205143905.0 008 021016s|||| it ||| | ||| 035 $ab11772840-39ule_inst 035 $aPARLA222165$9ExL 040 $aDip.to Scienze Storiche Filosofiche e Geografiche$bita 082 0 $a949.5? 100 1 $aGalimberti, Cesare$0156913 245 12$aL'eredita di Bisanzio /$ca cura di Norman H. Baynes e H. St. L. B. Moss 260 $aMilano :$bVallardi,$c1961 300 $aXIV, 515 p., 48 p. di tav. :$bill. ;$c18 cm. 490 0 $aEredita 500 $aContiene scritti di vari. - Trad. C. Galimberti, R. Marzano. 650 4$aCiviltà bizantina 650 4$aImpero d'Oriente 700 1 $aBaynes, Norman H. 700 1 $aMoss, Henry St. Lawrence Beaufort 700 1 $aMarzano, Raffaele 740 00$aByzantium 907 $a.b11772840$b27-04-17$c09-12-02 912 $a991003221069707536 945 $aLE009 STOR.27-98$g1$i2009000132856$lle009$o-$pE0.00$q-$rn$so $t0$u0$v0$w0$x0$y.i12019057$z09-12-02 996 $aEredita di Bisanzio$9906957 997 $aUNISALENTO 998 $ale009$b01-01-02$cm$da $e-$feng$git $h2$i1